|
|
|
|
| LEADER |
00000nam a2200000 a 4500 |
| 001 |
vtls009466806 |
| 003 |
SK-MaSNL |
| 005 |
20260301082020.0 |
| 008 |
240315s2008 xo al c 000 0 slo |
| 015 |
|
|
|a SNBA2009/05-02345
|
| 020 |
|
|
|a 9788089192823
|q (brož.)
|
| 035 |
|
|
|a 7E95C803-8674-460E-930A-C13DBF6D279A
|
| 035 |
|
|
|a urn:nbn:sk:snk-aml9u7
|
| 035 |
|
|
|a urn:nbn:sk:snk-am008r6o
|
| 040 |
|
|
|a SNK
|b slo
|c SNK
|e AACR2
|
| 041 |
0 |
|
|a slo
|
| 044 |
|
|
|a xo
|c SK
|
| 072 |
|
7 |
|a 811.162.4
|x Slovenčina
|2 konspekt
|
| 080 |
|
|
|a 811.162.4
|2 2001
|
| 080 |
|
|
|a 81'38
|2 2001
|
| 080 |
|
|
|a 316.772.2
|2 2001
|
| 080 |
|
|
|a (075.3)
|2 2001
|
| 100 |
1 |
|
|a Ihnátková, Natália,
|d 1939-
|4 aut
|9 217673
|
| 245 |
1 |
0 |
|a Komunikácia a sloh pre 1. až 4. ročník gymnázia s osemročným štúdiom
|c Natália Ihnátková ; [ilustrácie: Alexej Vojtášek]
|
| 250 |
|
|
|a 3. vyd.
|
| 260 |
|
|
|a Bratislava
|b OG - Vydavateľstvo Poľana
|c 2008
|
| 300 |
|
|
|a 152 s.
|b ilustr., sch.
|c 23 cm
|
| 504 |
|
|
|a Bibliogr. odkazy
|
| 650 |
0 |
7 |
|a slovenčina
|2 SNKPH
|9 1350
|
| 650 |
0 |
7 |
|a štylistika
|2 SNKPH
|9 870
|
| 650 |
0 |
7 |
|a verbálna komunikácia
|2 SNKPH
|9 1561
|
| 655 |
|
7 |
|a učebnice stredných škôl
|2 SNKPH
|9 69323
|
| 700 |
1 |
|
|a Vojtášek, Alexej,
|d 1952-2023
|4 ill
|9 88777
|
| 919 |
|
|
|a 978-80-89192-82-3
|
| 958 |
|
|
|a OND
|
| 958 |
|
|
|a NB
|
| 968 |
|
|
|d 82
|
| 999 |
|
|
|c 657447
|d 659377
|
| 952 |
|
|
|a SNK
|b SNK
|y PREZ
|7 0
|p 17A0608740
|o snkSC 134256
|i snk2009/1304
|8 0
|0 0
|1 0
|4 0
|d 2009-01-29
|f 1
|l 0
|r 2025-06-30 00:00:00
|w 2026-02-23
|
| 952 |
|
|
|a SNK
|b SNK
|y VYP
|7 0
|p 17A0608739
|o snkSC 134256 D1
|i snk2009/1305
|8 0
|0 0
|1 0
|4 0
|d 2009-01-29
|l 0
|r 2026-02-23 18:42:33
|w 2026-02-23
|